| 000 -ლიდერი |
| ფიქსირებული სიგრძის საკონტროლო ველი |
02842nam a22003257a 4500 |
| 003 - საკონტროლო ნომრის იდენტიფიკატორი |
| საკონტროლო ველი |
Ge_BSU |
| 005 - ბოლო ოპერაციის თარიღი და დრო |
| საკონტროლო ველი |
20230922115948.0 |
| 008 - ფიქსირებული სიგრძის მონაცემთა ელემენტები - ზოგადი ინფორმაცია |
| ფიქსირებული სიგრძის საკონტროლო ველი |
230922s2018 ge ||||| |||| 00| 0 geo d |
| 020 ## - წიგნის საერთაშორისო სტანდარტული ნომერი |
| International Standard Book Number |
9789941808654 |
| 041 ## - ენის კოდი |
| Language code of text/sound track or separate title |
geo |
| 080 ## - უნივერსალური ათობითი კლასიფიკაციის ინდექსი |
| Universal Decimal Classification number |
738(479.22)(092) ი-39 |
| 100 ## - მთავარი ჩანაწერი - პიროვნების სახელი |
| Personal name |
იზორია, მაია |
| 9 (RLIN) |
17931 |
| 245 ## - ცნობა სათაურის შესახებ |
| Title |
რევაზ იაშვილი = Revaz Iashvili : |
| Remainder of title |
შემოქმედება და მოღვაწეობა, 1929-1996 / |
| Statement of responsibility, etc |
მაია იზორია ; წიგნის შედგენაში მონაწილეობდნენ: სოფო მაისურაძე, ლაშა ციხისელი, ნიკოლოზ წოწკოლაური [და სხვ.] ; რედაქტორი ნანა ხაზარაძე ; ინგლისური თარგმანი ნათია ასათიანი ; ინგლისური ტექსტის რედაქტორი მაია ყიასაშვილი, მარიამ გაბაშვილი, თამთა ბერიშვილი ; ფოტო გიორგი ჩხატარაშვილი ; დიზაინი და კომპიუტერული უზრუნველყოფა ზურაბ მიმინოშვილი. |
| 264 ## - წარმოების, გამოცემის, დისტრიბუციის და სხვა ცნობები |
| გამოცემის, წარმოების, დისტრიბუციის... ადგილი |
თბილისი, |
| გამოცემის, წარმოების, დისტრიბუციის... თარიღი |
2018. |
| 300 ## - ფიზიკური აღწერა |
| Extent |
318 გვ. : |
| Other physical details |
ილ., ფოტ. ; |
| Dimensions |
26 სმ. |
| 500 ## - ზოგადი შენიშვნა |
| General note |
გარეკანზე ავტორი აღნიშნული არ არის. |
| 501 ## - შენიშვნა თანმხლებ მასალაზე |
| With note |
გარეკანი, თავფურცელი და ტექსტი ქართულ და ინგლისურ ენებზე |
| 504 ## - BIBLIOGRAPHY, ETC. NOTE |
| Bibliography, etc |
ბიბლიოგრაფია: გვ. 312-314. |
| 653 ## - INDEX TERM--UNCONTROLLED |
| Uncontrolled term |
იაშვილი, რევაზ, 1926-1996. |
| 653 ## - INDEX TERM--UNCONTROLLED |
| Uncontrolled term |
ქართველი კერამიკოსები. |
| 653 ## - INDEX TERM--UNCONTROLLED |
| Uncontrolled term |
ქართული მხატვრული კერამიკა. |
| 700 ## - ADDED ENTRY--PERSONAL NAME |
| Personal name |
მაისურაძე, სოფო |
| Relator term |
შემდგენელი |
| 9 (RLIN) |
19892 |
| 700 ## - ADDED ENTRY--PERSONAL NAME |
| Personal name |
ციხისელი, ლაშა და სხვ. |
| Relator term |
შემდგენელი |
| 9 (RLIN) |
19893 |
| 700 ## - ADDED ENTRY--PERSONAL NAME |
| Personal name |
ხაზარაძე, ნანა |
| Relator term |
რედაქტორი |
| 9 (RLIN) |
19894 |
| 700 ## - ADDED ENTRY--PERSONAL NAME |
| Personal name |
ასათიანი, ნათია |
| Relator term |
მთარგმნელი |
| 9 (RLIN) |
17940 |
| 700 ## - ADDED ENTRY--PERSONAL NAME |
| Personal name |
ყიასაშვილი, მაია და სხვ. |
| Relator term |
ინგლ. ტექსტის რედაქტორი |
| 9 (RLIN) |
19895 |
| 700 ## - ADDED ENTRY--PERSONAL NAME |
| Personal name |
ჩხატარაშვილოი, გიორგი |
| Relator term |
ფოტოგრაფი |
| 9 (RLIN) |
19896 |
| 700 ## - ADDED ENTRY--PERSONAL NAME |
| Personal name |
მიმინოშვილი, ზურაბ |
| Relator term |
დიზაინერი |
| 9 (RLIN) |
19897 |
| 942 ## - ADDED ENTRY ELEMENTS (KOHA) |
| Source of classification or shelving scheme |
|
| Koha item type |
წიგნი |